Catalog

Record Details

Catalog Search



Available copies

  • 2 of 2 copies available at LARL/NWRL Consortium. (Show)
  • 2 of 2 copies available at Lake Agassiz Regional Library.

Current holds

0 current holds with 2 total copies.

Show Only Available Copies
Location Call Number / Copy Notes Barcode Shelving Location Status Due Date
Crookston Public Library CAN (Text) 33500014130496 Main Available -
Moorhead Public Library CAN (Text) 33500014130488 Main Available -

Record details

  • ISBN: 9780778310914
  • ISBN: 0778310914
  • ISBN: 9780778387312
  • ISBN: 0778387313
  • Physical Description: 312 pages ; 21 cm
  • Publisher: Toronto, Ontario, Canada : Park Row Books, [2024]

Content descriptions

General Note:
Includes reader's guide.
Summary, etc.:
"Fledgling actress Amelia Grant is at rock bottom ... Read More
Subject: Actresses > Fiction.
Women novelists > Fiction.
Motion pictures > Fiction.
Secrecy > Fiction.
Man-woman relationships > Fiction.
Genre: Thrillers (Fiction)
Novels.
LDR 02555cam a2200445 i 4500
001442069
003LARL_NWRL_CONSORTIUM
00520241230161515.0
008241125t20242024onc 000 1 eng d
040 . ‡aGCmBT ‡beng ‡cIEP ‡dIEP ‡erda ‡dIUO ‡dOCLCO ‡dOCLCQ ‡dTP7
020 . ‡a9780778310914 ‡q(paperback)
020 . ‡a0778310914 ‡q(paperback)
020 . ‡a9780778387312 ‡q(hardcover)
020 . ‡a0778387313 ‡q(hardcover)
035 . ‡a(OCoLC)1473269109
08204. ‡a813/.6 ‡223/eng/20241122
1001 . ‡aCantor, Jillian, ‡eauthor. ‡1https://id.oclc.org/worldcat/entity/E39PCjtTyK4cmQHVVHyBMxr7wP ‡0(LARL_NWRL_CONSORTIUM)199080
24514. ‡aThe greatest lie of all / ‡cJillian Cantor.
264 1. ‡aToronto, Ontario, Canada : ‡bPark Row Books, ‡c[2024]
264 4. ‡c©2024
300 . ‡a312 pages ; ‡c21 cm
336 . ‡atext ‡btxt ‡2rdacontent
337 . ‡aunmediated ‡bn ‡2rdamedia
338 . ‡avolume ‡bnc ‡2rdacarrier
520 . ‡a"Fledgling actress Amelia Grant is at rock bottom when offered the opportunity of a lifetime: to star in a biopic about the world-renowned romance author Gloria Diamond, who used her own tragic love story as inspiration for her bestselling books. To prepare for the role, she'll spend a week with Gloria at her secluded Washington estate. It's a chance to get out of LA, away from her cheating ex-boyfriend, and to make her recently deceased mother proud. Amelia's excitement is short-lived, however, once she actually meets Gloria, who is cold, verging on rude and mostly unavailable. If not for Gloria's frustratingly handsome son Will, the visit might be a complete waste of her time. But when Amelia stumbles upon a secret from Gloria's past, she realizes Gloria's life story is more fiction than fact. And as the movie's filming date draws nearer, Amelia must decide how much she's willing to sacrifice to uncover the truth"-- ‡cProvided by publisher.
500 . ‡aIncludes reader's guide.
650 0. ‡aActresses ‡vFiction. ‡0(LARL_NWRL_CONSORTIUM)163243
650 0. ‡aWomen novelists ‡vFiction. ‡0(LARL_NWRL_CONSORTIUM)167918
650 0. ‡aMotion pictures ‡vFiction. ‡0(LARL_NWRL_CONSORTIUM)173506
650 0. ‡aSecrecy ‡vFiction. ‡0(LARL_NWRL_CONSORTIUM)167261
650 0. ‡aMan-woman relationships ‡vFiction. ‡0(LARL_NWRL_CONSORTIUM)165985
655 7. ‡aThrillers (Fiction) ‡2lcgft
655 7. ‡aNovels. ‡2lcgft
77508. ‡iReproduction of (manifestation): ‡aCantor, Jillian. ‡tGreatest lie of all ‡dToronto, Ontario, Canada : Park Row Books, [2024] ‡z9780778387312
901 . ‡a442069 ‡bOCoLC ‡c442069 ‡tbiblio ‡soclc

Additional Resources